000 00761cam a2200157 4500500
005 20260111090201.0
041 _afre
042 _adc
100 1 0 _aMambrino, Jean
_eauthor
245 0 0 _aCinéma
260 _c2001.
500 _a31
520 _aRésuméCe qui caractérise Marie Noël, c’est le contraste entre l’âpreté, la stridence, la folie même de certains cris, et, d’autre part, une confiance si abandonnée et souriante que ces cris s’en trouvent annulés et rendus dérisoires. Marie Noël, c’est un enfant qui hurle de peur... mais dans les bras de son père.
786 0 _nÉtudes | 394 | 2 | 2001-02-01 | p. 251-254 | 0014-1941
856 4 1 _uhttps://shs.cairn.info/revue-etudes-2001-2-page-251?lang=fr&redirect-ssocas=7080
999 _c1618565
_d1618565